000 00773nam a22002177a 4500
003 OSt
005 20260122161018.0
008 230409b ||||| |||| 00| 0 eng d
040 _cOst
041 _ashan
082 _a398.2
245 _aယုမ်ႉၶမ်ၶဵဝ် (မၢႆသီႇ)။
_cၸၢႆးပၢၼ်းႁႅင်း--(လႄႈတၢင်ႇၵေႃႉ)
260 _c2016
300 _a72 ၼႃႈ
_bၵႃႇတုၼ်း
_c21 ၸိၼ်ထီႇ
500 _aS-SAT: Dr. Prof Sai Aung Tun
500 _aပပ်ႉၸဝ်ႈတႃႇၼႁင်းၶေႃ တွၵ်ႉတိူဝ်ႉၸၢႆးဢွင်ႇထုၼ်း။
650 _aဢပုမ်ႇ
942 _cBK1
942 _2ddc
942 _2ddc
999 _c23811
_d23811